Los tributos y la protección del medio ambiente. (Registro nro. 42599)
[ vista simple ]
| 000 -ENCABEZADO | |
|---|---|
| Número de control [NR] | 00715nam a2200217Ia 4500 |
| 008 - DE LONGITUD FIJA DE DATOS DE ELEMENTOS - INFORMACIÓN GENERAL | |
| Elementos de longitud fija [NR] | 130821s1995 sp gr spa |
| 020 ## - NUMERO INTERNACIONAL NORMALIZADO PARA LIBROS [R] | |
| Número Internacional Normalizado del libro [NR] | 8472482553 |
| 040 ## - FUENTE DE CATALOGACION [NR] | |
| Agencia de catalogación original [NR] | Co-BoUCM |
| Idioma de catalogación [NR] | spa |
| 041 00 - CODIGO DE IDIOMA [R] | |
| Código de idioma para texto/pista de sonido o título separado [R] | Español |
| 100 1# - ASIENTO PRINCIPAL--NOMBRE PERSONAL [NR] | |
| Nombre personal [NR] | Rosembuj, Tulio |
| ID Autoridad | 161280 |
| 245 14 - MENCION DE TITULO [NR] | |
| Título [NR] | Los tributos y la protección del medio ambiente. |
| Mención de responsabilidad, etc. [NR] | Tulio Rosembuj |
| 260 ## - PUBLICACION, DISTRIBUCION, ETC. (PIE DE IMPRENTA) [R] | |
| Lugar de publicación, distribución, etc. [R] | Madrid (España) |
| Nombre del editor, distribuidor, etc. [R] | Marical Pons |
| Fecha de publicación, distribución, etc. [R] | 1995 |
| 300 ## - DESCRIPCION FISICA [R] | |
| Extensión [R] | 280 páginas |
| 504 ## - NOTA DE BIBLIOGRAFIA, ETC. [R] | |
| Nota de bibliografía, etc. [NR] | |
| 650 04 - ASIENTO SECUNDARIO DE MATERIA - TERMINO TEMATICO [R] | |
| Término temático o nombre geográfico como elemento de entrada [NR] | Control ambiental |
| 9 (RLIN) | 11860 |
| 650 04 - ASIENTO SECUNDARIO DE MATERIA - TERMINO TEMATICO [R] | |
| Término temático o nombre geográfico como elemento de entrada [NR] | Ecología |
| 9 (RLIN) | 13631 |
| 650 04 - ASIENTO SECUNDARIO DE MATERIA - TERMINO TEMATICO [R] | |
| Término temático o nombre geográfico como elemento de entrada [NR] | Medio ambiente |
| 9 (RLIN) | 19225 |
| 650 04 - ASIENTO SECUNDARIO DE MATERIA - TERMINO TEMATICO [R] | |
| Término temático o nombre geográfico como elemento de entrada [NR] | Protección del medio ambiente |
| Subdivisión general [R] | Legislación |
| Subdivisión geográfica [R] | España |
| 9 (RLIN) | 22643 |
| 942 ## - ELEMENTOS DE ENTRADA AGREGADOS (KOHA) | |
| Tipo de ítem principal el descrito en 300a | Libro |
| Tema principal | Derecho |
| Edición | 1 |
| Parte restante de la signatura top. | R812T |
| Sistema de clasificación | DEWEY |
| Clasificación | 344.3 |
| Fecha de último préstamo | Total préstamos | Total Renewals | Signatura topográfica | Código de barras | Última vez visto | Ejemplar | Price effective from | Tipo de ítem | Perdido | Sistema de clasificación | Dañado | No prestable | Tipo de ítem específico | Suprimido | Ubicación habitual | Ubicación actual | Localización | Fecha de creación | Forma de adquisición | Costo |
|---|---|---|---|---|---|---|---|---|---|---|---|---|---|---|---|---|---|---|---|---|
| 01/02/2023 | 9 | 2 | 344.3 R812T | 100063678 | 05/12/2025 | Ej.1 | 03/02/2013 | Libro | DEWEY | Libro | Claustro | Claustro | 3er piso | 28/02/2004 | Compra | 85000.00 |